• 首页
  • 本馆介绍
  • 公告通知
  • 最新文献
  • 馆藏检索
  • 电子资源
  • 读者导购
  • 参考咨询
  • 我的图书馆
  • 登录
  • 详细信息显示
  • 放入我的书架
  • 预约/预借图书
  • 作者相关作品
  • 分类相关作品
  • 丛书相关作品
  • 出版社相关作品

书目信息

  • 表格格式
  • 工作单格式
  • 卡片格式
题名:
中国农谚
    
 
作者: ;农业出版社编辑部 编
分册: 上册  
出版信息: 北京   农业出版社  1980
页数: 728页
开本: 28cm
丛书名:
单 册:
中图分类: S165
科图分类:
主题词: 农业科学:气象学
电子资源:
ISBN:
000 00538nam0 2200181 45
001 0181011769
005 20060802082635.29
010    @dCNY2.85
100    @a20810111d1980 km y0chiy0120 ea
101 0  @achi
200 1  @a中国农谚@Azhong guo nong yan@h上册@f农业出版社编辑部编@Fnong ye chu ban she bian ji bu bian
210    @a北京@c农业出版社@d1980
215    @a728页@d28cm
606 0  @a农业科学:气象学
690    @aS165@v3
711  0 @a农业出版社编辑部@Anong ye chu ban she bian ji bu@4编
801    @aCN@bTSTC@c20060802
905    @dS165@e1:1
    
    中国农谚.上册/农业出版社编辑部编.-北京:农业出版社,1980
    728页;28cm
    
    
    ISBN :CNY2.85
    
●
相关链接 在E读中查询图书 在五车中查询图书 在当当中查询图书 在豆瓣中查询图书


正题名:中国农谚     索取号:S165/1:1         预约/预借

序号 登录号 条形码 馆藏地/架位号 状态 备注
1 0041405   202327721   密集书库/ [索取号:S165/1:1] 在馆    
2 0041406   202099816   第二样本阅览室/ [索取号:S165/1:1] 在馆    
3 0439376   204393762   密集书库/ [索取号:S165/1:1] 在馆    
4 0439377   204393771   密集书库/ [索取号:S165/1:1] 在馆    
唐山师范学院图书馆 欢迎您!
大连网信软件有限公司© 版权所有